000 00636nam a2200241Ia 4500
003 OSt
005 20240622121943.0
008 210210b1938 xxu||||| |||| 00| 0 eng d
040 _cAL
041 _aHindi
082 _a869/148
100 _aPANDEY (Ramanath)
_dरामनाथ पाण्डेय
_9171409
245 _aBal katha kunj II
_b बाल कथा कुंज २
260 _aKalkatta
_b-
_c1938
440 _a2
_9171410
650 _akunj
_9171411
650 _akatha
_9171412
650 _aII
_9171413
650 _aBAl
_9171414
690 _aHindi Fiction
_9171415
906 _a023947
942 _2ddc
_cBK
999 _c148912
_d148912